| 000 | 00455nam a2200157 i 4500 | ||
|---|---|---|---|
| 001 | 30423 | ||
| 003 | ES-MaACL | ||
| 005 | 20230906154207.0 | ||
| 007 | t| | ||
| 008 | 030124s1999 xxk ||||1| spa d | ||
| 100 | 1 |
_aBavier, André. _926634 |
|
| 245 | 1 | 0 |
_aInglaterra caballeresca / _cAndré Bavier. |
| 260 |
_aLondres : _b[s.n., _c1916] |
||
| 500 | _a(Artículo traducido de la "Revue des Jeunes" del 10 de abril de 1916) | ||
| 852 |
_aES-MaACL _j1579-F-12 |
||
| 999 |
_c30423 _d30423 |
||